La revolution russe et les nouvelles républiques trascaucasiennes (Record no. 94632)

MARC details
000 -LEADER
campo de control de longitud fija 00587nam a2200169 i 4500
001 - NÚMERO DE CONTROL
campo de control 94632
003 - IDENTIFICADOR DE NÚMERO DE CONTROL
campo de control ES-MaACL
005 - FECHA Y HORA DE LA ÚLTIMA TRANSACCIÓN
campo de control 20230906181526.0
007 - CAMPO FIJO DE DESCRIPCIÓN FÍSICA--INFORMACIÓN GENERAL
campo de control de longitud fija t|
008 - DATOS DE LONGITUD FIJA--INFORMACIÓN GENERAL
campo de control de longitud fija 050511s1920 fr ||||1| fre d
100 1# - ENTRADA PRINCIPAL--NOMBRE DE PERSONA
Nombre de persona Loris-Melicof, Jean.
9 (RLIN) 74226
245 13 - MENCIÓN DEL TÍTULO
Título La revolution russe et les nouvelles républiques trascaucasiennes
Resto del título : bolchevisme & antibolchevisme /
Mención de responsabilidad, etc. par le Dr. Jean Loris-Melicof; preface de M. Albert Thomas.
260 ## - PUBLICACIÓN, DISTRIBUCIÓN, ETC.
Lugar de publicación, distribución, etc. Paris :
Nombre del editor, distribuidor, etc. [s.n.],
Fecha de publicación, distribución, etc. 1920 (
Fabricante Jean Rabilloud)
300 ## - DESCRIPCIÓN FÍSICA
Extensión XVI, 211 p. ;
Dimensiones 23 cm.
700 0# - ENTRADA AGREGADA--NOMBRE PERSONAL
Nombre de persona Thomas, Albert.
9 (RLIN) 109994
852 ## - LOCALIZACIÓN
Ubicación ES-MaACL
Número de control de estantería F-9213
Holdings
Estatus retirado Estado de pérdida Estado de daño No para préstamo Biblioteca de origen Biblioteca actual Ubicación en estantería Fecha de adquisición Fuente de adquisición Total de préstamos Signatura topográfica completa Código de barras Visto por última vez Precio de reemplazo Tipo de ítem Koha
        Biblioteca del Ateneo de Madrid Biblioteca del Ateneo de Madrid Sala Pecera Planta 2 17/01/2008     F-9213 1098831 23/02/2023 23/02/2023 Libro impreso